000 00527nam a2200169Ia 4500
008 090201s9999 xx 000 0 und d
010 _aKPL-21875
040 _bमराठी
041 _aमराठी
082 _a15054
_b21875
100 _aश्रीकांत सिनकर
245 _aचार्जशीट
_cश्रीकांत सिनकर
260 _c2004
_bदिलीप प्रकाशन
300 _a218
_bमोठा
600 _aचार्जशीट
942 _cBOOK
999 _c215194
_d215194